000 01067nam a2200397 a 4500
003 AR-BaBNM
005 20251128205709.0
008 082120s2002 ||||||||||||||000 | spa||
020 _a84-277-1008-8
040 _cAR-BaBNM
100 1 _aLahora, María Cristina
245 0 0 _aActividades matemáticas con niños de 0 a 6 años
250 _a2ª ed.
260 _aMadrid
_bNarcea
_c1996
300 _a174 p.
_bil.
490 0 _aPrimeros años
504 _aBibliografía: p. 173-174
600 1 4 _aKamii, Constance Kazuko
600 1 4 _aPiaget, Jean
600 1 4 _aVigotsky, Liev Semionovich
650 4 _aENSEÑANZA DE LAS MATEMATICAS
650 4 _aCURRICULO
650 4 _aCALCULO
650 4 _aLOGICA
650 4 _aGEOMETRIA
650 4 _aMATEMATICAS APLICADAS
650 4 _aACTIVIDADES DE APRENDIZAJE
650 4 _aJUEGOS EDUCATIVOS
650 4 _aPSICOLOGIA DEL NIÑO
651 4 _aEspaña
653 _aEDUCACION INICIAL
653 _aPROCESO DE ENSEÑANZA-APRENDIZAJE
653 _aAUTONOMIA
942 _cBK
998 _carturo
999 _c12449
_d12449